| 000 | 00697nam a2200229Ia 4500 | ||
|---|---|---|---|
| 003 | OSt | ||
| 005 | 20220925192557.0 | ||
| 006 | a|||||r|||| 00| 0 | ||
| 007 | ta | ||
| 008 | 220923b |||||||| |||| 00| 0 eng d | ||
| 037 | _cGeneral Book | ||
| 040 |
_aRTL _cRTL _beng |
||
| 041 |
_2eng _aeng |
||
| 082 | _aX9(F).262.N60<N58r, K0 | ||
| 110 |
_aCHRESTIEN MICA INDUSTRIES LIMITED _9245618 |
||
| 245 | 0 | _aReport of the directors with accounts,1958. | |
| 260 |
_aCalcutta _bChrestien Mica Industries _c1960 |
||
| 300 |
_a121p. _ccm. |
||
| 700 |
_aCHRESTIEN MICA INDUSTRIES LIMITED _9245619 |
||
| 942 |
_hX9(F).262.N60<N58r, K0 _cGB _2CC |
||
| 999 |
_c522667 _d522667 |
||